El santo de la espada /

Guardado en:
Autor Principal: Rojas, Ricardo
Formato: Libro
Publicado: Buenos Aires : Losada, 1948
Materias:
Etiquetas: Agregar Etiqueta
Sin Etiquetas, Sea el primero en etiquetar este registro!
LEADER 00512nam a22001815a 4500
001 CEM.cems005528
005 20060221000000.0
008 130507s1948##################000#0#####d
003 CEMS
082 0 4 |a 923 
100 1 |a Rojas, Ricardo 
245 1 0 |a El santo de la espada / 
260 |a Buenos Aires :  |b Losada,  |c 1948 
300 |a 526 p. 
653 |a Biografias 
653 |a San martin 
859 |a CEMS  |b BIB. CEMS - 11 de abril  |h 923  |i Sa53r  |p 9568.81  |t Ej.1 
859 |a CEMS  |b BIB. CEMS - 11 de abril  |h 923  |i Sa53r  |p 9817.81  |t Ej.2